| 000 | 00655cam a2200241 4500 | ||
|---|---|---|---|
| 001 | B2973 | ||
| 008 | 090401t1990 xxu||||| |||| 00| 0 eng d | ||
| 035 | _a(Sirsi) u53304 | ||
| 041 | _aeng | ||
| 050 | _a333.0065 | ||
| 110 |
_aEconomic Development Briefing _92461 |
||
| 245 | 4 | _aThe chartered surveyors survey 1990 edition | |
| 260 |
_aLondon _bEconomic Development Briefing _c1990 |
||
| 300 | _a109 leaves ; 30cm. | ||
| 350 | _a250 | ||
| 490 |
_aEconomic Development Briefing _vVolume XIV |
||
| 650 | _aABOUT RICS-RICS MEMBERS | ||
| 650 | _aDIRECTORIES | ||
| 650 | _aESTATE AGENTS | ||
| 650 | _aSALARIES | ||
| 942 | _n0 | ||
| 948 | _c04/03/1997 | ||
| 999 |
_c93248 _d93248 |
||